| 000 | 01041cad a22001935a 4500 | ||
|---|---|---|---|
| 001 | E141230 | ||
| 008 | 071105n2007 stk f s000 0 eng d | ||
| 035 | _a(Sirsi) u141230 | ||
| 041 | 0 | _aeng | |
| 050 | 0 | 4 | _a634.92 $2 18 |
| 110 | 1 |
_aScotland _bScottish Executive _94769 |
|
| 245 | 0 | 4 |
_aThe Scottish forestry strategy _bimplementation plan 2007-2008 _h[electronic resource] |
| 260 |
_aEdinburgh _bForestry Commission Scotland _c2007 |
||
| 520 | _aContains over 120 specific action points for 2007-2008. Key issues for action include: tackling climate change, promotion of timber, business development, boosting community involvement, improving access and health and enhacing biodiversity. It has the full backing of 46 organisations which will help carry out the work with FCS. | ||
| 651 | 4 |
_aScotland _y1999- |
|
| 690 | _aENVIRONMENTAL AND LAND CONSULTANCY-FORESTRY AND WOODLAND MANAGEMENT-FORESTRY | ||
| 856 | 4 | 1 |
_uhttps://www.forestry.gov.uk/forestry/infd-6aggzw _zView the document free of charge at www.forestry.gov.uk... |
| 942 | _n0 | ||
| 999 |
_c107615 _d107615 |
||